000 00505cam a2200157 4500
082 0 0 _a665.5
_bMOD
_cD
110 2 _aInstitute of Petroleum (Great Britain)
_944819
245 1 0 _aModern petroleum technology.
250 _a4th ed.,
260 _aBarking,
_bApplied Science Publishers,
_c1973.
300 _axiii, 996 p.
_billus., maps, plans.
_c26 cm.
526 _a0
_b0
_c0
_d665_500000000000000_MOD
650 0 _aPetroleum engineering.
_944820
700 1 _aHobson, George Douglas,
_944821
942 _2ddc
_cBK
999 _c548494
_d548494